| 000 | 00663nam a2200217 a 4500 | ||
|---|---|---|---|
| 008 | 951213s1978||||[C 0 slo c | ||
| 020 |
_c19 Kčs. _q(30000 výtl.) |
||
| 040 |
_aSNK _bslo _cSNK _eAACR2 |
||
| 041 | 1 |
_aslo _hswe |
|
| 044 |
_axo _cSK |
||
| 080 | _a839.7-3 | ||
| 100 | 1 |
_aLang, Maria _4aut |
|
| 245 | 1 | 0 |
_aKráľ Konvalinka z krovia _cMaria Lang ; Silvia Smidová, Vladislav Rostoka |
| 260 |
_aBratislava _bSmena _c1978 _eBratislava _fPravda |
||
| 300 |
_a160 s., 9,60 AH _c20 cm |
||
| 490 | 0 |
_aLabyrint _vZv. 68. |
|
| 500 | _aIlustr. na front. a predsádkach. | ||
| 700 | 1 |
_aSmidová, Silvia _4trl |
|
| 700 | 1 |
_aRostoka, Vladislav _4bkd |
|
| 958 | _aA | ||
| 999 |
_c11986 _d11986 |
||